TSG 1899 Hoffenheim Squad 2016-2017 - Statistics

General Stats
  • This quiz has been taken 4 times
  • The average score is 18 of 28
Answer Stats
# Position Nation Player % Correct
28 FW Hungary Ádám Szalai
100%
9 FW Chile Eduardo Vargas
100%
5 DF Switzerland Fabian Schär
100%
1 GK Germany Oliver Baumann
100%
3 DF Czech Republic Pavel Kadeřábek
100%
14 FW Germany Sandro Wagner
100%
17 MF Switzerland Steven Zuber
100%
27 FW Croatia Andrej Kramarić
75%
4 DF Bosnia and Herzegovina Ermin Bičakčić
75%
8 MF Poland Eugen Polanski
75%
36 GK Switzerland Gregor Kobel
75%
15 DF Germany Jeremy Toljan
75%
- Coach Germany Julian Nagelsmann
75%
22 DF Germany Kevin Vogt
75%
19 FW Germany Mark Uth
75%
25 DF Germany Niklas Süle
75%
16 MF Switzerland Pirmin Schwegler
75%
6 MF Germany Sebastian Rudy
75%
32 MF Germany Dennis Geiger
50%
13 MF Germany Kerem Demirbay
50%
18 MF Germany Nadiem Amiri
50%
34 FW Turkey Barış Atik
25%
21 DF Germany Benjamin Hübner
25%
12 DF Brazil Danilo Soares
25%
7 MF Germany Lukas Rupp
25%
33 GK Germany Alexander Stolz
0%
23 MF Germany Marco Terrazzino
0%
30 MF Germany Philipp Ochs
0%
No matching quizzes found
Score Distribution
Percent of People with Each Score
Percentile by Number Answered
Your Score History
You have not taken this quiz